| 000 | 00389nam a2200157Ia 4500 | ||
|---|---|---|---|
| 008 | 230711s9999||||xx |||||||||||||| ||und|| | ||
| 041 | _aENG | ||
| 082 |
_a720 _bMU-A |
||
| 100 | _aMuller,Edward J | ||
| 245 | 0 | _aArchitectural drawing and light construction | |
| 250 | _a5th Ed. | ||
| 260 |
_c1999 _aNew Jersey _bPrentice-Hall Ltd |
||
| 300 | _a776 | ||
| 650 | _aArchitecture | ||
| 942 | _cBK | ||
| 999 |
_c4972 _d4972 |
||